Normal view
MARC view
- Narayana , S , Kumar ,Gokul .K , Reddy , K. Janardhan
Entry Personal Name
001 - CONTROL NUMBER
- control field: 64576
003 - CONTROL NUMBER IDENTIFIER
- control field: NUST
005 - DATE AND TIME OF LATEST TRANSACTION
- control field: 20210628203312.0
008 - FIXED-LENGTH DATA ELEMENTS
- fixed length control field: 210628|| aca||aabn | a|a d
040 ## - CATALOGING SOURCE
- Original cataloging agency: NUST
- Transcribing agency: NUST
100 ## - HEADING--PERSONAL NAME
- Personal name: Narayana , S , Kumar ,Gokul .K , Reddy , K. Janardhan
670 ## - SOURCE DATA FOUND
- Source citation: Work cat.: (NUST): Narayana , S , Kumar ,Gokul .K , Reddy , K. Janardhan, Cad-cam robotics and factories of the future, 2006
